000 00585nam a2200181Ia 4500
005 20250423100412.0
008 250422s9999 xx 000 0 und d
020 _a9780435910105
050 _aPL 8011 .O64 /
245 0 _aOpening spaces : an anthology of contemporary African women's writings
250 _a2nd ed.
260 _aHarlow
260 _bHeinemann
260 _c1999
300 _a186 p
650 _aAfrican literature--Women authors. African literature (English)--Women authors. Women--Africa--Literary collections. Africa--Literary collections.
942 _cBK
999 _c33195
_d33195